Deep Learning Projects Using TensorFlow 2: (Record no. 591256)
[ view plain ]
| 000 -LEADER | |
|---|---|
| fixed length control field | 00484nam a22001337a 4500 |
| 020 ## - INTERNATIONAL STANDARD BOOK NUMBER | |
| International Standard Book Number | 9781484258019 |
| 040 ## - CATALOGING SOURCE | |
| Transcribing agency | NUST |
| 082 ## - DEWEY DECIMAL CLASSIFICATION NUMBER | |
| Classification number | 006.31 SIL |
| 100 ## - MAIN ENTRY--PERSONAL NAME | |
| Personal name | Silaparasetty, Vinita |
| 9 (RLIN) | 98310 |
| 245 ## - TITLE STATEMENT | |
| Title | Deep Learning Projects Using TensorFlow 2: |
| Remainder of title | Neural Network Development with Python and Keras |
| 260 ## - PUBLICATION, DISTRIBUTION, ETC. | |
| Place of publication, distribution, etc. | New York: |
| Name of publisher, distributor, etc. | Apress, |
| Date of publication, distribution, etc. | 2020. |
| 650 ## - SUBJECT ADDED ENTRY--TOPICAL TERM | |
| Topical term or geographic name entry element | Deep Learning Projects Using TensorFlow 2. Neural Network Development with Python and Keras.NUSTTB2022 |
| 9 (RLIN) | 102784 |
| 942 ## - ADDED ENTRY ELEMENTS (KOHA) | |
| Source of classification or shelving scheme | |
| Koha item type | Book |
| Withdrawn status | Lost status | Source of classification or shelving scheme | Damaged status | Not for loan | Permanent Location | Current Location | Shelving location | Date acquired | Total Checkouts | Full call number | Barcode | Date last seen | Price effective from | Koha item type |
|---|---|---|---|---|---|---|---|---|---|---|---|---|---|---|
| College of Electrical & Mechanical Engineering (CEME) | College of Electrical & Mechanical Engineering (CEME) | General Stacks | 08/22/2022 | 006.31 SIL | CEME-50825 | 08/22/2022 | 08/22/2022 | Book | ||||||
| College of Electrical & Mechanical Engineering (CEME) | College of Electrical & Mechanical Engineering (CEME) | General Stacks | 08/22/2022 | 280 SCB | CEME-50825-A | 09/27/2022 | 08/22/2022 | Book |
